00411nam a2200121 a 450000500170000000800410001702000180005805000290007624501190010526000390022430000160026365000100027920140412111240.0010710s19uu xx 00 eng d a0-590-49112-1 aTR(GS 808.82bLe438 1991 aDramatic play :blearning through play /cedited by Nancy Jo Hereford and jane Schall; foreword by Sara Smilansky. aNew York :bScholastic Inc,c1991. a80p. ; ill. aTitle